Online
Catalog

Vive la vida : (Record no. 38117)

MARC details
000 -CABECERA
campo de control de longitud fija 00505nam a2200145 a 4500
001 - NÚMERO DE CONTROL
campo de control 000038627
005 - FECHA Y HORA DE LA ÚLTIMA TRANSACCIÓN
campo de control 20201002031320.0
008 - DATOS DE LONGITUD FIJA--INFORMACIÓN GENERAL
campo de control de longitud fija 130416s20uu dr a 000 0 spa d
040 ## - FUENTE DE LA CATALOGACIÓN
Centro catalogador/agencia de origen DO-SdBNP
Lengua de catalogación spa
Centro/agencia transcriptor BNPHU
100 1# - ENTRADA PRINCIPAL--NOMBRE DE PERSONA
Nombre de persona Carazzone, Carola
9 (RLIN) 64960
245 10 - MENCIÓN DE TÍTULO
Título Vive la vida :
Resto del título ¡vivan todos los derechos para todos! /
Mención de responsabilidad, etc. Carola Carazzone, Francesca Lange.
260 ## - PUBLICACIÓN, DISTRIBUCIÓN, ETC.
Lugar de publicación, distribución, etc. Santo Domingo :
Nombre del editor, distribuidor, etc. Muchachos y Muchachas con Don Bosco,
Fecha de publicación, distribución, etc. [20-?].
300 ## - DESCRIPCIÓN FÍSICA
Extensión 300 p. :
Otras características físicas ils. ;
Dimensiones 29 cm.
504 ## - NOTA DE BIBLIOGRAFÍA, ETC.
Nota de bibliografía, etc. Bibliografía : p. 299
Holdings
Estado de retiro Estado de pérdida No para préstamo Código de colección Localización permanente Ubicación/localización actual Ubicación en estantería Fecha de adquisición Número de inventario Total de préstamos Signatura topográfica completa Código de barras Fecha visto por última vez Precio válido a partir de Tipo de ítem Koha
    Excluido de préstamo Patrimonio Dominicano Patrimonio Dominicano Patrimonio Dominicano En catalogación 16.04.2013 LF1   38627-10 25.06.2020 25.06.2020 Libro y Folleto Colección Patrimonio Dominicano

Powered by Koha